Podpisz zdjęcia po angielsku #7 - Statystyki

Ogólne statystyki
  • Ten quiz został rozwiązany 65 razy
  • Średni wynik to 12 z 16
Statystyki odpowiedzi
Obrazkowy Odpowiedź % Poprawnych
Onion
98%
Sandwich
95%
Goat
91%
Ring
91%
Mushroom
89%
Pumpkin
89%
Igloo
86%
Lips
82%
Unicorn
82%
Helmet
77%
Jar
77%
Tail
68%
Feather
61%
Zip
61%
Nest
52%
Kite
41%
Nie znaleziono quizów pasujących do podanych kryteriów
Rozkład punktacji
Procent ludzi z każdym wynikiem
Percentyl według liczby udzielonych odpowiedzi
Twoja historia wyników
Nie rozwiązałeś tego quizu